Personnage des aventures de Tintin : Nestor Halambique - Statistiques

Statistiques générales
  • Ce quiz a été pris 50 fois
  • Le résultat moyen est 13 sur 16
Statistiques - réponses
Quesions Réponses % Correct
Pays fictif dont Nestor Halambique possède le sceau du Roi Ottokar IV. La Syldavie
97%
Animaux ovins que le faux Halambique aperçoit en troupeaux depuis l'avion en vol alors qu'il avait retiré ses lunettes pour les nettoyer, ce qui suggère à Tintin qu'il pourrait s'agir d'un imposteur, le vrai Nestor Halambique étant a priori myope. Des moutons
95%
Pays fictif rival pour le compte duquel des espions ont mis l'appartement de Nestor Halambique sur écoute lorsqu'il reçut la visite de Tintin. La Bordurie
95%
Objet appartenant à Nestor Halambique qu'il avait oublié sur un banc public. Tintin le découvrant, entreprit aimablement de le lui restituer. Sa serviette
95%
Album dans lequel apparaît Nestor Halambique. Le Sceptre d'Ottokar
92%
Ville d'Allemagne connue pour sa saucisse fumée précuite. Elle était la première escale prévue pour le voyage de Tintin avec Nestor Halambique remplacé par son frère jumeau. Francfort
87%
Formule de politesse qu'adresse Dupont au faux Nestor Halambique lors des présentations faites par Tintin à l'aéroport. Halambique dit "Enchanté ..." et Dupont répond "Très h____". Honoré
85%
Capitale fictive du pays précédent vers laquelle Tintin a prévu de s'envoler en qualité de secrétaire de Nestor Halambique. Klow
85%
Empereur et Roi de France médiévaux dont Nestor Halambique possède un sceau. Charlemagne
77%
Discipline historique qu'étudie Nestor Halambique. Science qui s'occupe de l'étude des sceaux. La sigillographie
77%
Dynastie qui régna du Ve jusqu'au milieu du VIIIe siècle sur une très grande partie de la France et de la Belgique actuelles, avec notamment le premier roi de France, Clovis. Nestor Halambique possède une bague à intaille de cette époque. Les Mérovingiens
77%
Capitale d'Europe centrale (bien réelle) connue pour son Pont-Charles et pour ses défénestrations provoquées par les Hussites à la fin du Moyen-âge. C'est dans cette ville que le Professeur Halambique découvrit sans le vouloir le sceau du Roi Ottokar IV. Prague
77%
Prénom du frère jumeau de Nestor Halambique qui a usurpé son identité. Alfred
69%
L'ambassadeur de ce pays fictif, ami du Professeur Halambique, lui a promis des lettres d'introduction qui pourraient lui permettre de compulser les vieilles ______ du royaume. Archives
64%
Empereur et Roi de France médiévaux dont Nestor Halambique possède un sceau. Saint Louis
62%
Magistrat en chef et dirigeant de la République de Venise. Nestor Halambique possède le sceau d'un membre de la famille Gradenigo, famille patricienne de Venise dont plusieurs membres ont eu ce titre de dirigeant de la République. Le doge
59%
Aucun quiz correspondant
Distribution des résultats
% des personnes avec chaque résultat
Percentile par nombre de réponses
Votre historique - résultats
Vous n’avez pas pris ce quiz